| 000 | 00788cab a2200253 4500 | ||
|---|---|---|---|
| 001 | E2718 | ||
| 008 | 090401t1995 xxu||||| |||| 00| 0 eng d | ||
| 035 | _a(Sirsi) u40617 | ||
| 041 | _aeng | ||
| 245 | _aMartin v MacSween and another | ||
| 260 | _c1995 | ||
| 350 | _a0 | ||
| 490 |
_aSLC _v1996 R 99-110(12) |
||
| 520 | _aDivisional Court. DM Macdonald. Application Skye RN 556 - order of 23 January 1996. Croft - sublet - duration of sublet - whther sublet could continue on tacit relocation | ||
| 650 | _aCROFTERS (SCOTLAND) ACT 1993 | ||
| 650 | _aCROFTING | ||
| 650 | _aSCOTTISH LAND COURT | ||
| 650 | _aSLC | ||
| 650 | _aSUB-LETTING | ||
| 650 | _aTACIT RELOCATION | ||
| 690 | _aLANDLORD AND TENANT-CASE LAW-AGRICULTURAL TENANCIES | ||
| 942 | _n0 | ||
| 948 | _c04/03/1997 | ||
| 999 |
_c26026 _d26026 |
||